000 01267naa a22003257a 4500
001 BR7406202
003 BR-BrBNA
005 20240918173654.0
007 ta
008 230509b bl.||||| |||| 00| 0 por d
040 _aBR-BrBNA
_bpor
_cBiblioteca Nacional de Agricultura
041 _a(Pt)
072 _aH10
_b2120
_b4020
_b3877
090 _aH10 BR7406202
100 1 _aMarchini, L.C.
100 1 _aMello, L.A.S.
100 1 _aNakano, O.
111 1 _a2. Congresso Brasileiro sobre Pesquisas Cafeeiras
_cPocos de Caldas, MG (Brazil)
_d10 Sep 1974
245 1 _aEfeito de alguns inseticidas sobre o bicho mineiro Perileucoptera coffeella (Guer. Menev., 1842)(Lepidoptera-Lyonetiidae)
260 3 _aRio de Janeiro, GB (Brasil):
_c1974.
500 _aResumos dos trabalhos apresentados no 2. Congresso Brasileiro sobre Pesquisas Cafeeiras Rio de Janeiro, GB (Brasil): 1974. p. 46 (BR7406202-AM)H10
650 _aCAFE
650 _aBICHO MINEIRO
650 _aINSETO
650 _aINSETICIDA
650 _aCONTROLE QUIMICO
773 0 _tResumos dos trabalhos apresentados no 2. Congresso Brasileiro sobre Pesquisas Cafeeiras
_wH10 BR7406202
_gRio de Janeiro, GB (Brasil), 1974. p. 46
909 _a202404
_bLucia
_c55
_dLucia Elande
942 _cAM
_2AGRIS
999 _c306105
_d306105